00517nam a2200181Ia 450000500170000000800410001702000150005808200130007310000150008624500450010126000300014630000120017665000130018865000160020194200060021795200970022399900150032020240607045120.0240331s9999 xx 000 0 und d a0745305210 bASSa363 aAssiter, A 0aPornography, feminism and the individual aLondonbPluto Pressc1989 a166 p., aFeminism aPornography cL 001040708LaWERCLbWERCLcSSCd2024-03-31l0o 363.4 ASSp2073r2024-03-31w2024-03-31yL c2953d2953